Countries By Land Area Quiz Stats

 Plays Quiz not verified by Sporcle

Support Sporcle.
Go Orange.
Score 0/20 Timer 05:00
0 Plays Today
Land Area (km^2) Country % Correct
9,629,091United States of America
100%
17,098,242Russia
99.2%
9,640,011China (PRC)
97.5%
9,984,670Canada
96.7%
8,514,877Brazil
95.9%
3,287,263India
95%
7,692,024Australia
92.6%
2,780,400Argentina
91.7%
2,505,813Sudan
87.6%
1,964,375Mexico
86.8%
Land Area (km^2) Country % Correct
2,724,900Kazakhstan
86%
2,381,741Algeria
83.5%
2,149,690Saudi Arabia
83.5%
1,628,750Iran
83.5%
1,564,100Mongolia
80.2%
1,910,931Indonesia
79.3%
1,284,000Chad
75.2%
1,759,540Libya
73.6%
2,344,858Democratic Republic of the Congo
68.6%
1,285,216Peru
62.8%

You're not logged in!

Compare scores with friends on all Sporcle quizzes.
OR
Log In

From the Vault

Almost Useless Trivia VI

by wmcb

Another quiz that's perfect for those whose knowledge is a mile wide, but only an inch deep.
Remove Ads.
Support Sporcle.
Get the best of Sporcle when you Go Orange. This ad-free experience offers more features, more stats, and more fun while also helping to support Sporcle. Thank you for becoming a member.

Show Comments

Extras

Created Feb 15, 2011SourceReportNominate
Tags:Largest Country

Top Quizzes Today


Score Distribution

Your Account Isn't Verified!

In order to create a playlist on Sporcle, you need to verify the email address you used during registration. Go to your Sporcle Settings to finish the process.

Report this User

Report this user for behavior that violates our Community Guidelines.

Details: